000 00900nam a2200121Ia 4500
008 220615s9999||||xx |||||||||||||| ||und||
100 _aBellomo, Nicola
245 0 _aKinetic Theory and Swarming Tools to Modeling Complex Systems—Symmetry problems in the Science of Living Systems
546 _aEnglish[eng]
650 _ashort- and long-range interactions||living systems||stress conditions||learning||symmetric interactions||active particles||conformist society||kinetic equations||kinetic models||complex systems||safety||haptotaxis||opinion dynamics||multiscale modeling||individualistic society||CVaR||kinetic theory||social dynamics||boundary conditions||pattern formation||crowd dynamics||integro-differential equations||scaling||Efficient frontier||cell movement||vehicular traffic||Crowd dynamics||learning dynamics
856 _uhttps://mdpi.com/books/pdfview/book/2345
942 _cEB
999 _c13923
_d13923